000 01702cam a22003257a 4500
999 _c24509
_d24509
001 16008658
005 20170128152501.0
008 091204s2009 caua b 001 0 eng d
010 _a 2008910991
020 _a9780982240717
020 _a0982240716
035 _a(OCoLC)ocn440874144
043 _an-us---
050 0 0 _aNA2500 .R58 2009
100 1 _aRoberts, Louis O.
245 1 0 _aMan between earth and sky :
_ba symbolic awareness of architecture through a process of creativity /
_cLouis O. Roberts.
260 _aCarmel, CA :
_bOctavio Pub.,
_c2009.
300 _a271 p. :
_bcol. ; ill. ;
_c28 cm.
504 _aIncludes bibliographical references (p. 260-262) and index.
520 _a"This book embodies one person's life of creativity and the pursuit of a vision -- in this case an architectural vision. Years of teaching have allowed the author to observe that we all have the power to be creative. He lays out the experiential process of being creative, from early influences, through the evolutionary development of ideas and forms, and, finally, to the reality of multiple expressions."--Provided by publisher.
650 0 _aArchitecture
_xAesthetics.
650 0 _aArchitecture
_xPhilosophy.
856 4 2 _3Publisher description
_uhttp://www.loc.gov/catdir/enhancements/fy1312/2008910991-d.html
942 _2lcc
_cBOOKS